British Speedway Top League Teams - Statistics

General Stats
  • This quiz has been taken 5 times
  • The average score is 21 of 49
Answer Stats
Most Recent App Answer Total Apps 1st App % Correct
2025 Birmingham Brummies (Bulldogs) 24 1934
100%
2025 Ipswich Witches 48 1957
100%
2025 Leicester Lions (Hunters) 29 1957
100%
2019 Poole Pirates 52 1956
100%
2016 Arena-Essex (Lakeside) Hammers 17 1992
50%
2025 Belle Vue Aces 87 1932
50%
1991 Berwick Bandits 1 1991
50%
1997 Bradford (Odsal) Dukes (Tudors/Boomerangs) 24 1946
50%
1973 Coatbridge Tigers (Monarchs) 3 1968
50%
2016 Coventry Bees 62 1932
50%
2014 Eastbourne Eagles (Dons) 30 1979
50%
1996 Edinburgh (Scottish) Monarchs 5 1965
50%
1995 Glasgow Tigers 9 1965
50%
1985 Halifax Dukes 21 1965
50%
1954 Harringay Racers (Tigers) 13 1934
50%
1999 Hull Vikings 11 1974
50%
2025 Kings Lynn Stars (Knights) 49 1966
50%
1934 Lea Bridge 1 1934
50%
1996 Long Eaton Invaders (Archers) 5 1965
50%
1961 New Cross Rangers (Lambs/Tamers) 16 1934
50%
1976 Newport Wasps 12 1965
50%
1964 Norwich Stars 13 1952
50%
1933 Nottingham Wasps 1 1933
50%
2025 Oxford Spires (Cheetahs/Rebels/Silver Machine) 42 1957
50%
2023 Peterborough Panthers 22 1995
50%
1934 Plymouth Tigers 3 1932
50%
1957 Rayleigh Rockets 1 1957
50%
2007 Reading Racers (Bulldogs) 27 1971
50%
2018 Rye House Rockets 2 2017
50%
2025 Sheffield Tigers 32 1933
50%
2018 Somerset Rebels 2 2017
50%
1932 Stamford Bridge Brigands 1 1932
50%
2019 Swindon Robins 56 1957
50%
1934 Walthamstow Wolves 1 1934
50%
1971 West Ham Hammers 26 1932
50%
1978 White City Rebels 3 1976
50%
1991 Wimbledon Dons 48 1932
50%
2023 Wolverhampton Wolves 55 1965
50%
1978 Bristol Bulldogs 7 1938
0%
1933 Clapton Saints 2 1932
0%
1996 Cradley Heath (& Stoke) Heathens (United) 32 1965
0%
1933 Crystal Palace Glaziers 2 1932
0%
1996 Exeter Falcons 18 1965
0%
1987 Hackney Hawks (Kestrels/Wick Wolves) 23 1935
0%
1996 London Lions 1 1996
0%
1996 Middlesbrough Bears 2 1995
0%
1984 Newcastle Diamonds 7 1965
0%
1963 Southampton Saints 8 1939
0%
1971 Wembley Lions 21 1932
0%
No matching quizzes found
Score Distribution
Percent of People with Each Score
Percentile by Number Answered
Your Score History
You have not taken this quiz